LIBRARY & INFORMATION CENTRE, KCAET, TAVANUR

ONLINE PUBLIC ACCESS CATALOGUE (OPAC)

Buniyadi shiksha mem anubandhaki kala / (Record no. 11879)

MARC details
000 -LEADER
fixed length control field 00469cam a2200181ua 4500
041 ## - LANGUAGE CODE
Language code of text/sound track or separate title hin
082 ## - DEWEY DECIMAL CLASSIFICATION NUMBER
Classification number 891.54
Item number AMA/BU
100 ## - MAIN ENTRY--AUTHOR NAME
Personal name Amarsingh, Solanki .
245 ## - TITLE STATEMENT
Title Buniyadi shiksha mem anubandhaki kala /
250 ## - EDITION STATEMENT
Edition statement 1 /
260 ## - PUBLICATION, DISTRIBUTION, ETC. (IMPRINT)
Place of publication Ahamadabad :
Name of publisher Navjeevan prakashan mandir ,
Year of publication 1962.
300 ## - PHYSICAL DESCRIPTION
Number of Pages 240 ; .
942 ## - ADDED ENTRY ELEMENTS (KOHA)
Koha item type Books
Holdings
Withdrawn status Lost status Damaged status Home library Current library Date acquired Full call number Accession Number Koha item type
Withdrawn     KAUAET Sanskrit University 07/04/2012 891.54 3266 Books
free website counter